|
|
|
|
| LEADER |
00000nam a2200000Ii 4500 |
| 001 |
DIGEPUJ0516 |
| 003 |
NyNyDIG |
| 006 |
m o d |
| 007 |
cr ||||||||||| |
| 008 |
260205s2024 ck ao ob 000 0 spa d |
| 035 |
|
|
|a (OCoLC)1551394736
|
| 040 |
|
|
|a DGITA
|b eng
|e rda
|e pn
|c DGITA
|
| 020 |
|
|
|a 9789587819564
|q (digital)
|
| 020 |
|
|
|z 9789587819557
|q (impreso)
|
| 024 |
7 |
|
|a https://doi.org/10.11144/Javeriana.9789587819564
|2 doi
|
| 043 |
|
|
|a s-ck---
|
| 050 |
1 |
4 |
|a BX3714.C6 ebook
|
| 245 |
0 |
3 |
|a La Compañía de Jesús en Colombia, 1924-2024 :
|b una historia a varias voces /
|c Jorge Enrique Salcedo Martínez, S. J. y José David Cortés Guerrero, editores académicos.
|
| 250 |
|
|
|a Primera edición.
|
| 264 |
|
1 |
|a Bogotá :
|b Editorial Pontificia Universidad Javeriana,
|c [2024]
|
| 300 |
|
|
|a 1 online resource :
|b illustrations, photographs.
|
| 336 |
|
|
|a text
|b txt
|2 rdacontent
|
| 337 |
|
|
|a computer
|b c
|2 rdamedia
|
| 338 |
|
|
|a online resource
|b cr
|2 rdacarrier
|
| 347 |
|
|
|a text file
|2 rdaft
|
| 347 |
|
|
|b EPUB
|
| 500 |
|
|
|a "Jesuitas Colombia, 100 años"--Cover.
|
| 504 |
|
|
|a Includes bibliographical references.
|
| 588 |
0 |
|
|a Online resource; title from ePub title page (Digitalia, viewed February 5, 2026)
|
| 610 |
2 |
0 |
|a Jesuits
|z Colombia
|x History
|y 1924-2024.
|
| 610 |
2 |
0 |
|a Catholic Church
|z Colombia
|x History
|y 1924-2024.
|
| 650 |
|
0 |
|a Church and state
|z Colombia
|x History
|y 1924-2024.
|
| 700 |
1 |
|
|a Salcedo Martínez, Jorge Enrique,
|d 1967-
|e editor.
|
| 700 |
1 |
|
|a Cortés Guerrero, José David,
|d 1969-
|e editor.
|
| 791 |
2 |
|
|a Digitalia (Firm),
|e distributor.
|
| 793 |
0 |
|
|g Digitalia eBook Collection:
|a Pontificia Universidad Javeriana
|
| 776 |
0 |
8 |
|i Print version:
|t Compañía de Jesús en Colombia, 1924-2024.
|b Primera edición.
|d Bogotá : Editorial Pontificia Universidad Javeriana, [2024]
|z 9789587819557
|
| 856 |
4 |
0 |
|3 Digitalia Hispánica
|u https://www.digitaliapublishing.com/a/183377/
|
| 910 |
|
|
|a Premium collection: 2026
|